书目信息 |
| 书名: | Principles of economics | |
| 作者: | Robert H. Frank, Ben S. Bernanke = 经济学原理 / 罗伯特·H·弗兰克, 本·S·伯南克著. | |
| 分册号: | ||
| 分册名: | 出版地: | 北京 : |
|
| 出版社: | 中国人民大学出版社 | |
| 出版时间: | 2013. | |
| 页数: | 2 v. : | |
| 开本: | 28 cm. | |
| 丛书名: | ||
| 中图分类号: | ||
| 科图分类号: | ||
| 其他分类号: | F015 | |
| 主题词: | ||
| 电子资源: | ||
| 000 | 01092cam a2200337 a 4500 | |
| 001 | E1552503718 | |
| 005 | 20150330143636.67 | |
| 008 | 140220r20132011cc a 001 0 eng d | |
| 020 | @a9787300178523 (v. [1]) :@cCNY46.00. | |
| 020 | @a9787300178530 (v. [2]). | |
| 040 | @aTJU@cTJU@dSCT | |
| 090 | @aF0/X72(1) | |
| 092 | @b华现13-122-125@b华现13-122-126 | |
| 093 | @aF015 @2 4 | |
| 093 | @aF016 @2 4 | |
| 093 | @aF0 @2 4 | |
| 099 | @dF015@ex90 | |
| 100 | 1 | @aFrank, Robert H. |
| 245 | 10 | @aPrinciples of economics / @cRobert H. Frank, Ben S. Bernanke = 经济学原理 / 罗伯特·H·弗兰克, 本·S·伯南克著. |
| 246 | 31 | @a经济学原理 |
| 250 | @a2nd brief ed. | |
| 260 | @a北京 :@b中国人民大学出版社 :@bMcGraw-Hill,@c2013. | |
| 300 | @a2 v. :@bill. ;@c28 cm. | |
| 490 | 0 | @a经济学经典教材·核心课系列 |
| 500 | @aIncludes index. | |
| 505 | 0 | @av. [1]. 微观部分 -- v. [2]. 宏观部分. |
| 534 | @pReprint. Originally published:@cNew York : McGraw-Hill Irwin, c2011.@z9780073511436. | |
| 650 | 0 | @aEconomics. |
| 650 | 0 | @a政治经济学@x概论 |
| 700 | 1 | @aBernanke, Ben. |
| 920 | @a232010@z1 | |
| Principles of economics / / Robert H. Frank, Ben S. Bernanke = 经济学原理 / 罗伯特·H·弗兰克, 本·S·伯南克著.-2nd brief ed.-北京 : : 中国人民大学出版社 : : McGraw-Hill, , 2013. |
| 2 v. : : ill. ; ; 28 cm.- (经济学经典教材·核心课系列) |
| Includes index.-v. [1]. 微观部分 -- v. [2]. 宏观部分. |
| ISBN 9787300178523 (v. [1]) :CNY46.00. |
| ● |
| 相关链接 |
|
|
|
|
正题名:Principles of economics
索取号:F015/x90
 
预约/预借
| 序号 | 登录号 | 条形码 | 馆藏地/架位号 | 状态 | 备注 |
| 1 | 0018109 | 300181096 | 第二样本阅览室/ [索取号:F015/x90] | 在馆 | |
| 2 | 0018110 | 300181103 | 第四借阅区/ [索取号:F015/x90] | 在馆 | |
| 3 | 0018111 | 300181112 | 第四借阅区/ [索取号:F015/x90] | 在馆 |